Opervm Reverendi Viri Philippi Melanthonis [Pars Tertia] Qvae Continet Enarrationes Euangeliorum dominicalium. Euangelij secundum Matthaeum. Euangelij Secundum Ioannem. Epistolae Pauli ad Romanos. Cum Indice copioso rerum & sententiarum insignium

Bibliographic Details
Main Author: Melanchthon, Philipp, 1497-1560 (Author, Dedicator, Commentator for written text)
Corporate Author: Krafft, Johann starší (Wittenberg, Nemecko) (Printer)
Other Authors: Krafft, Johann, starší, 1510-1578 (Printer)
Format: Book
Language:Latin
PhysicalDescription:[52], 1091 [=1082] strán 2° 36,5 × 24,5 cm
Published: VVitebergae Excvdebat Iohannes Crato Anno M. D. LXIII. [=1563]
Subjects:

MARC

LEADER 00000nam a2200000 a 4500
001 vtls011919689
003 SK-MaSNL
005 20260301225417.0
008 251112s1563 gw c f 011 0 lat
015 |a SNBHFA1563 
040 |a SNKHF  |b slo  |c SNK  |e AACR2 
041 0 |a lat 
044 |a gw  |c DE 
072 7 |a 2-23/-27  |x Biblia. Biblistika  |2 konspekt 
080 |a 2‑21  |2 2011 
080 |a 27‑272  |2 2011 
080 |a 27‑277  |2 2011 
100 1 |a Melanchthon, Philipp,  |d 1497-1560  |4 aut  |4 dto  |4 cwt  |9 42142 
245 1 0 |a Opervm Reverendi Viri Philippi Melanthonis  |n [Pars Tertia]  |p Qvae Continet Enarrationes Euangeliorum dominicalium. Euangelij secundum Matthaeum. Euangelij Secundum Ioannem. Epistolae Pauli ad Romanos. Cum Indice copioso rerum & sententiarum insignium 
246 3 8 |a Operum Philippi Melanthonis 
246 3 8 |a Tomi 4. 
260 |a VVitebergae  |b Excvdebat Iohannes Crato  |c Anno M. D. LXIII. [=1563] 
300 |a [52], 1091 [=1082] strán  |c 2°  |c 36,5 × 24,5 cm 
500 |a Linky, iniciálky s ornamentálnym a figurálnym pozadím v rámčeku na 6 a 9 riadkov, portréty autora 
504 |a Marginálie, kustody 
508 |a Dedikácia: Melanchthon, Philipp; Friedrich III. - falcký kurfirst; Peucer, Kaspar starší; Heltus, Georg 
510 4 |a VD 16 M/2334 
546 |a Latinčina  |b Antiqua  |b Kurzíva 
550 |a Časť názvu doplnená z VD 16 
561 |a Z knižnice františkánov Bratislava.  |5 SNK IA 1135 
562 |a Rukopisné exlibrisy: Sum Andreae Sartorij ab A° 1665 27 Maij. - Quatuor Tomi operum Philippi Melanthonis emi 10: fl: Prostannae Anno 1573 T. S. B. M. P.; Defekt: poškodený titulný list.  |5 SNK IA 1135 
563 |a Väzba: tmavožltá koža s ornamentálno-figurálnou slepotlačou, stopy po dvoch kovových sponách, dva textové papierové štítky.  |5 SNK IA 1135 
630 0 7 |a Biblia  |p Evanjeliá  |2 SNKPH  |9 162776 
650 0 7 |a biblistika  |2 SNKPH  |9 1798 
650 0 7 |a náboženstvo  |2 SNKPH  |9 2023 
650 0 7 |a biblická interpretácia  |2 SNKPH  |9 68298 
655 7 |a komentáre  |2 SNKPH  |9 70412 
700 0 |a Friedrich  |b III.,  |c falcký kurfirst,  |d 1515-1576  |4 hnr  |9 127736 
700 1 |a Peucer, Kaspar,  |c starší,  |d 1525-1602  |4 oth  |9 129740 
700 1 |a Heltus, Georg,  |d 1485-1545  |4 hnr  |9 128187 
700 1 |a Krafft, Johann,  |c starší,  |d 1510-1578  |4 prt  |9 128691 
710 1 |a Františkáni (Bratislava, Slovensko)  |4 fmo  |9 281881 
710 0 |a Krafft, Johann starší (Wittenberg, Nemecko),  |d 1546-1578  |4 prt  |9 341825 
752 |a Nemecko  |d Wittenberg 
852 |a snk  |b Františkáni Bratislava  |p IA 1135 
958 |a DA 
999 |c 950780  |d 952710 
952 |t Fr Ba 14 107  |a SNK  |b SNK  |c SNK_HF  |y PREZ  |7 0  |p 17A1357690  |o snkIA 1135  |i snk2020/4593  |8 5  |0 0  |1 0  |4 0  |d 2020-02-24  |l 0  |r 2026-02-24 09:47:28  |w 2026-02-24